000 00428nam a2200181Ia 4500
001 2077
005 20260306143816.0
008 260306t2011||||xx |||||||||||||| ||spa||
041 _aESP
082 _a612.64
_bP26
100 _aPardo Sáenz, José María
_eAUT
245 0 _aEl no nacido como paciente
260 _c2011
300 _a352 páginas :
_c22 cm.
650 _aGEN
654 _aCPS
942 _cLIB
_dJUS
_fJUS
_2ddc
_n
999 _c2077
_d2077